The vision of miti policies in 1980s : Trade and industry policy for the 1980s. Recommendation of the industrial structure council
Zapisane w:
| Format: | Książka |
|---|---|
| Język: | Undetermined |
| Wydane: |
1980
|
| Hasła przedmiotowe: | |
| Etykiety: |
Dodaj etykietę
Nie ma etykietki, Dołącz pierwszą etykiete!
|
| Thư viện lưu trữ: | Trung tâm Học liệu Trường Đại học Cần Thơ |
|---|
| LEADER | 00477nam a2200145Ia 4500 | ||
|---|---|---|---|
| 001 | CTU_107664 | ||
| 008 | 210402s9999 xx 000 0 und d | ||
| 082 | |a 351.82 | ||
| 082 | |b V831 | ||
| 245 | 4 | |a The vision of miti policies in 1980s : | |
| 245 | 0 | |b Trade and industry policy for the 1980s. Recommendation of the industrial structure council | |
| 260 | |c 1980 | ||
| 650 | |a Commercial policy | ||
| 904 | |i Bạch Trúc | ||
| 980 | |a Trung tâm Học liệu Trường Đại học Cần Thơ | ||